000 00698nam a2200241 a 4500
001 10925
003 CO-ViMGA
008 141112s2004 ck r 000 u spa d
020 _a9681614569
040 _aCO-ViMGA
_bspa
_cCO-ViMGA
082 0 4 _a301.21 L35
100 1 _aFowler, Roger
_915001
245 1 0 _aLenguaje y control
250 _a1983
260 _aMexico,
_cFondo de Cultura Económica,
_c1983
300 _a287 p.
490 _aLengua y estudios literarios
650 1 4 _aIDEOLOGIA Y COMUNICACION
_915002
650 1 4 _aLIBERTAD DE INFORMACION
_915003
650 1 4 _aMEDIOS DE COMUNICACION DE MASAS - ASPECTOS SOCIALES
_915004
650 1 4 _aSOCIOLINGUISTICA
_915005
942 _2ddc
_cBK
999 _c22144
_d22144